000
00274nam a2200109Ia 4500
001
1276073
005
20260417160440.0
008
260417s9999 xx 000 0 und d
020
_a
9786256792975
245
0
_a
Cabi’nin Kulesi
_c
Furkan Çalışkan
260
_b
Ketebe Genç
999
_c
1276073
_d
1276073